[Event "World ol U16"]
[Site "Nakhchivan"]
[Date "2022.10.09"]
[Round "8.9"]
[White "Dasgupta, Avyukt"]
[Black "Shukurova, Aydan"]
[Result "1/2-1/2"]
[WhiteElo "1741"]
[BlackElo "1732"]
[PlyCount "63"]
[EventDate "2022.10.02"]
[EventType "team-swiss"]
[EventRounds "9"]
[EventCountry "AZE"]
[SourceTitle "CBM 210 Extra"]
[Source "ChessBase"]
[SourceDate "2022.11.30"]
[SourceVersion "1"]
[SourceVersionDate "2022.11.30"]
[SourceQuality "1"]
[WhiteTeam "England"]
[BlackTeam "Azerbaijan II"]
[WhiteTeamCountry "ENG"]
[BlackTeamCountry "AZE"]

1. d4 d5 2. Nf3 Nf6 3. c3 c5 4. dxc5 e6 5. b4 a5 6. e3 b6 7. cxb6 Qxb6 8. b5 a4 9. Be2 Be7 10. 0-0 0-0 11. Na3 Ne4 12. c4 Bf6 13. Nd4 Nc3 14. Qc2 e5 15. Nf3 Bg4 16. Qxc3 Bxf3 17. Qc2 Be4 18. Bd3 Bxd3 19. Qxd3 Rd8 20. Bb2 e4 21. Qe2 Bxb2 22. Qxb2 Na6 23. Rfd1 Nc7 24. Qd2 Qc5 25. Qc3 dxc4 26. Qxc4 Qxc4 27. Nxc4 Nxb5 28. Nb6 Nc3 29. Nxa8 Nxd1 30. Nb6 Nc3 31. Nc4 Nxa2 32. Nb2 1/2-1/2

[Event "World ol U16"]
[Site "Nakhchivan"]
[Date "2022.10.06"]
[Round "5.7"]
[White "Rzali, Leyla"]
[Black "Shukurova, Aydan"]
[Result "0-1"]
[WhiteElo "1451"]
[BlackElo "1732"]
[PlyCount "90"]
[EventDate "2022.10.02"]
[EventType "team-swiss"]
[EventRounds "9"]
[EventCountry "AZE"]
[SourceTitle "CBM 210 Extra"]
[Source "ChessBase"]
[SourceDate "2022.11.30"]
[SourceVersion "1"]
[SourceVersionDate "2022.11.30"]
[SourceQuality "1"]
[WhiteTeam "Azerbaijan IV"]
[BlackTeam "Azerbaijan II"]
[WhiteTeamCountry "AZE"]
[BlackTeamCountry "AZE"]

1. e4 d5 2. exd5 Qxd5 3. Nc3 Qd6 4. d4 Nf6 5. Nf3 c6 6. h3 Bf5 7. Be3 Nbd7 8. Qd2 e6 9. a3 Nb6 10. Be2 Be7 11. Bf4 Qd8 12. Be5 0-0 13. 0-0-0 Nbd5 14. g4 Nxc3 15. Qxc3 Nd5 16. Qb3 Be4 17. Qxb7 Bg5+ 18. Kb1 Nf4 19. Bxf4 Bxf4 20. Qb3 Rb8 21. Qc3 Rb6 22. Rhe1 Qb8 23. Ne5 Rb3 24. Nd7 Rxc3 25. Nxb8 Rxb8 26. Bd3 Bxd3 27. Rxd3 Rxd3 28. cxd3 Bd2 29. Re4 Bc3 30. b4 Rd8 31. Kc2 Bxd4 32. f3 Kf8 33. Kb3 Ke7 34. Kc4 e5 35. a4 f6 36. Re2 Bb6 37. a5 Rd4+ 38. Kc3 Bc7 39. h4 a6 40. Re4 Rxe4 41. fxe4 Kd6 42. Kc4 Bb8 43. h5 Ba7 44. Kc3 Be3 45. Kc4 Bd2 0-1

[Event "EU-ch Schools U15 Girls"]
[Site "Rhodes"]
[Date "2022.04.23"]
[Round "3"]
[White "Shukurova, Aydan"]
[Black "Baloglu, Dila"]
[Result "0-1"]
[WhiteElo "1541"]
[BlackElo "1680"]
[PlyCount "70"]
[EventDate "2022.04.21"]
[EventType "swiss"]
[EventRounds "9"]
[EventCountry "GRE"]
[SourceTitle "CBM 208 Extra"]
[Source "ChessBase"]
[SourceDate "2022.07.31"]
[SourceVersion "1"]
[SourceVersionDate "2022.07.31"]
[SourceQuality "1"]

1. d4 Nf6 2. Bf4 g6 3. Nc3 d5 4. Qd2 Bg7 5. h4 h5 6. 0-0-0 c6 7. f3 b5 8. e3 Bf5 9. Nh3 Nbd7 10. Ng5 b4 11. Ne2 Qa5 12. Kb1 c5 13. dxc5 Qxc5 14. e4 dxe4 15. fxe4 Bg4 16. g3 0-0 17. Bh3 Bxh3 18. Rxh3 Rac8 19. Be3 Qe5 20. Bd4 Nxe4 21. Qe3 Nc3+ 22. bxc3 Qb5 23. cxb4 e5 24. Bc3 Nb6 25. Ne4 Nd5 26. Qd3 Nxc3+ 27. N2xc3 Qxb4+ 28. Ka1 Rxc3 29. Rb1 Rxd3 30. Rxb4 Rd1+ 31. Kb2 f5 32. Ng5 e4+ 33. Ka3 e3 34. Rh2 Re8 35. Re2 Bf8 0-1

[Event "EU-ch U12 Girls"]
[Site "Bratislava"]
[Date "2019.08.06"]
[Round "5"]
[White "Koniadze, Lizi"]
[Black "Shukurova, Aydan"]
[Result "1-0"]
[WhiteElo "1283"]
[BlackElo "1436"]
[PlyCount "149"]
[EventDate "2019.08.02"]
[EventType "swiss"]
[EventRounds "9"]
[EventCountry "SVK"]
[SourceTitle "EXT 2020"]
[Source "ChessBase"]
[SourceDate "2019.10.17"]
[SourceVersion "1"]
[SourceVersionDate "2019.10.17"]
[SourceQuality "1"]

1. e4 d5 2. exd5 Qxd5 3. Nc3 Qd8 4. Bc4 Nf6 5. h3 Bf5 6. Nf3 e6 7. d3 c6 8. Bg5 Be7 9. 0-0 0-0 10. Qe2 h6 11. Bf4 Bd6 12. Bxd6 Qxd6 13. Rad1 Nbd7 14. Ne4 Qc7 15. Ng3 Bh7 16. Rfe1 Rfe8 17. Nd2 a5 18. a3 Rad8 19. Nde4 b5 20. Ba2 Nd5 21. c4 Nf4 22. Qe3 Nb6 23. cxb5 cxb5 24. Rc1 Qb8 25. d4 Nbd5 26. Qd2 a4 27. Rc5 Rc8 28. Rec1 Rxc5 29. Rxc5 Rc8 30. Bxd5 Nxd5 31. Qc1 Rxc5 32. Qxc5 Bxe4 33. Nxe4 Qb6 34. Qxb6 Nxb6 35. Nd6 Kf8 36. Nxb5 Nc4 37. Kf1 Nxb2 38. Ke2 Ke7 39. Kd2 Nc4+ 40. Kc3 Nb6 41. Kb4 Kd7 42. Nc3 Kc6 43. g3 g6 44. Nxa4 Nd5+ 45. Kc4 Nc7 46. Nc5 Na8 47. Nd3 Nb6+ 48. Kb3 Kd6 49. Ne5 Ke7 50. a4 g5 51. Kb4 f6 52. Nd3 Kd6 53. Nc5 e5 54. dxe5+ fxe5 55. g4 Nd5+ 56. Kc4 Kc6 57. a5 Nc7 58. Ne4 Ne6 59. f3 Nf4 60. Nf2 Ne2 61. Nd3 Ng1 62. Nxe5+ Kb7 63. Kb5 Nxh3 64. a6+ Ka7 65. Nc6+ Ka8 66. Kb6 Nf4 67. Nb4 Kb8 68. a7+ Ka8 69. Ka6 Ne6 70. Nd5 Nc5+ 71. Kb5 Ne6 72. Kb6 h5 73. gxh5 g4 74. fxg4 Nc7 75. Nxc7# 1-0

[Event "EU-ch U12 Girls"]
[Site "Bratislava"]
[Date "2019.08.04"]
[Round "3"]
[White "Janouskova, Adela"]
[Black "Shukurova, Aydan"]
[Result "1-0"]
[WhiteElo "1193"]
[BlackElo "1436"]
[PlyCount "127"]
[EventDate "2019.08.02"]
[EventType "swiss"]
[EventRounds "9"]
[EventCountry "SVK"]
[SourceTitle "EXT 2020"]
[Source "ChessBase"]
[SourceDate "2019.10.17"]
[SourceVersion "1"]
[SourceVersionDate "2019.10.17"]
[SourceQuality "1"]

1. e4 d5 2. exd5 Qxd5 3. Nc3 Qd8 4. d4 Nf6 5. Nf3 Bf5 6. Ne5 e6 7. g4 Bg6 8. h4 Bb4 9. Bg5 h6 10. Nxg6 fxg6 11. Be3 0-0 12. Bg2 c6 13. g5 Nd5 14. Qd3 Nxe3 15. Qxe3 h5 16. Qxe6+ Kh7 17. Be4 Qe8 18. Qxe8 Rxe8 19. f3 Nd7 20. 0-0 Rf8 21. Ne2 Nb6 22. b3 Rad8 23. c3 Bd6 24. Kg2 Bf4 25. Nxf4 Rxf4 26. Kg3 Rff8 27. Rae1 Nc8 28. Bb1 Rfe8 29. Kf2 Nd6 30. Rxe8 Rxe8 31. Re1 Rxe1 32. Kxe1 Nb5 33. Kd2 Nd6 34. Ke3 Kg8 35. Bxg6 Kf8 36. c4 b5 37. c5 Nc8 38. Bxh5 Ne7 39. Bg4 Nd5+ 40. Ke4 Nc3+ 41. Ke5 Ke7 42. a3 Nb1 43. a4 bxa4 44. bxa4 a5 45. Bf5 Nc3 46. h5 Nxa4 47. h6 gxh6 48. gxh6 Kf7 49. Kd6 Nc3 50. h7 Kg7 51. Kxc6 a4 52. h8Q+ Kxh8 53. Be6 a3 54. Kd7 Na4 55. Kd6 Nc3 56. c6 Nb5+ 57. Kc5 Nc7 58. Ba2 Na8 59. Kb4 Nc7 60. Kxa3 Nb5+ 61. Kb4 Nxd4 62. c7 Nc6+ 63. Kc5 Ne7 64. Be6 1-0

[Event "Pardubice Czech op-D 30th"]
[Site "Pardubice"]
[Date "2019.07.27"]
[Round "9"]
[White "Kvapil, Pavel"]
[Black "Shukurova, Aydan"]
[Result "1/2-1/2"]
[WhiteElo "1501"]
[BlackElo "1372"]
[PlyCount "104"]
[EventDate "2019.07.20"]
[EventType "swiss"]
[EventRounds "9"]
[EventCountry "CZE"]
[SourceTitle "EXT 2020"]
[Source "ChessBase"]
[SourceDate "2019.10.17"]
[SourceVersion "1"]
[SourceVersionDate "2019.10.17"]
[SourceQuality "1"]

1. e4 d5 2. exd5 Qxd5 3. Nc3 Qd8 4. Nf3 Nf6 5. d3 Bf5 6. Be2 e6 7. a3 Be7 8. 0-0 0-0 9. Nh4 Bg6 10. Nxg6 hxg6 11. Bf3 c6 12. Be3 Nbd7 13. Be2 Bc5 14. Bxc5 Nxc5 15. b4 Ncd7 16. Re1 Qc7 17. Bf3 Rfd8 18. Qe2 Rac8 19. Ne4 Ne5 20. Nc5 Nxf3+ 21. Qxf3 b6 22. Ne4 Nxe4 23. Rxe4 Qe7 24. Rae1 Rd5 25. Re5 Qf6 26. Qxf6 gxf6 27. R5e3 Rcd8 28. Rd1 e5 29. Kf1 c5 30. c4 Rd4 31. Ke2 Rb8 32. b5 Ra8 33. Re4 Rd7 34. Kf3 a6 35. a4 axb5 36. axb5 Ra3 37. Ke2 Ra2+ 38. Rd2 Ra3 39. Re3 Raa7 40. f3 Ra4 41. Re4 Kg7 42. Kf2 Ra3 43. Ke2 Rc3 44. Re3 Kf8 45. Ra2 Kg7 46. Ra6 Rd6 47. Ra2 Rc1 48. h3 Rg1 49. Kf2 Rd1 50. Ke2 Rc1 51. Kf2 Rc3 52. Ke2 Rc1 1/2-1/2